[Event "26.Off.Bayer.Senioren-EM 2014"]
[Site "Bergen"]
[Date "2014.06.28"]
[Round "8.42"]
[White "Huetter, Heinz"]
[Black "Kunte, Herbert"]
[Result "0-1"]
[WhiteElo "1438"]
[BlackElo "1603"]
[PlyCount "76"]
[EventDate "2014.??.??"]
[WhiteTeam "SC Eichenau"]
[BlackTeam "SK Siemens München"]

1. Nf3 Nf6 2. g3 e6 3. b3 Be7 4. c4 O-O 5. d3 c5 6. Qc2 Nc6 7. a3 b6 8. e4 d6
9. Bg2 e5 10. Nc3 Bg4 11. Ne2 Qd7 12. h3 Be6 13. Ng5 h6 14. Nxe6 Qxe6 15. Bb2
Rfd8 16. O-O-O Nd4 17. Nxd4 cxd4 18. Kb1 Rac8 19. f4 Qd7 20. f5 b5 21. Qe2 bxc4
22. dxc4 Rb8 23. Rd3 Rb6 24. Ka2 Rdb8 25. Rb1 Qc7 26. g4 a5 27. h4 a4 28. Bc1
Nd7 29. Rh3 Nc5 30. b4 Nb3 31. Bf1 Rc6 32. Rhxb3 axb3+ 33. Kxb3 Bxh4 34. Kb2
Qa7 35. Qc2 Ra6 36. Ra1 Be1 37. Bd2 Bxd2 38. Qxd2 Qc7 0-1

[Event "26.Off.Bayer.Senioren-EM 2014"]
[Site "Bergen"]
[Date "2014.06.28"]
[Round "8.43"]
[White "Braeu, Emmi"]
[Black "Peiberg, Ehrhard"]
[Result "1/2-1/2"]
[WhiteElo "1331"]
[BlackElo "1483"]
[PlyCount "80"]
[EventDate "2014.??.??"]
[WhiteTeam "SK Marktoberdorf"]
[BlackTeam "SC Erlangen 48/88"]

1. Nf3 Nf6 2. g3 d5 3. c4 e6 4. Bg2 Be7 5. O-O O-O 6. Qc2 c6 7. d4 Nbd7 8. a3
dxc4 9. Qxc4 Nb6 10. Qd3 c5 11. Ne5 Qxd4 12. Qxd4 cxd4 13. Nd2 Rd8 14. b4 Bd6
15. Ndc4 Nxc4 16. Nxc4 Be7 17. Na5 Nd5 18. Bb2 Bf6 19. Rac1 b6 20. Nc6 Rd7 21.
Bxd4 Bxd4 22. Nxd4 Bb7 23. Rc4 Rad8 24. Rfc1 Ba8 25. Rc8 Bb7 26. Rxd8+ Rxd8 27.
b5 Kf8 28. e3 Ke8 29. Nc6 Ra8 30. e4 Nc7 31. a4 Bxc6 32. Rxc6 Kd7 33. e5 Rc8
34. Rd6+ Ke7 35. Bc6 Rd8 36. Rxd8 Kxd8 37. f4 Ke7 38. Kf2 f6 39. Kf3 fxe5 40.
fxe5 Nd5 1/2-1/2

[Event "26.Off.Bayer.Senioren-EM 2014"]
[Site "Bergen"]
[Date "2014.06.28"]
[Round "8.44"]
[White "Nieswandt, Joseph"]
[Black "Jurgan, Brigitte"]
[Result "1-0"]
[WhiteElo "1443"]
[BlackElo "1225"]
[PlyCount "91"]
[EventDate "2014.??.??"]
[WhiteTeam "SC Wangen"]
[BlackTeam "SF Bad Reichenhall"]

1. e4 e5 2. Bc4 d6 3. Nc3 c6 4. a3 Nf6 5. h3 g6 6. d3 Bg7 7. Bg5 O-O 8. Nf3 Qb6
9. Bxf6 Bxf6 10. b4 Qd8 11. O-O b5 12. Bb3 Nd7 13. a4 bxa4 14. Nxa4 Bb7 15. c4
Nb6 16. Nc3 Nd7 17. Qc2 a5 18. b5 c5 19. Ne2 Kg7 20. Ng3 Bh4 21. Qd2 Bxg3 22.
fxg3 Nf6 23. Nh4 Bc8 24. Bd1 Be6 25. Qf2 Ng8 26. g4 Qf6 27. Qg3 Qd8 28. g5 h6
29. Nf3 h5 30. h4 Qc8 31. Ne1 Qd7 32. Nc2 Bg4 33. Bxg4 Qxg4 34. Qe1 Qe6 35. Ne3
Ne7 36. Rf6 Qd7 37. Rxa5 Qc7 38. Rxa8 Rxa8 39. Qf2 Ra1+ 40. Kh2 Ng8 41. Nd5 Qa7
42. b6 Qb7 43. Rxd6 Ne7 44. Qf6+ Kg8 45. Nxe7+ Kf8 46. Rd8# 1-0

[Event "26.Off.Bayer.Senioren-EM 2014"]
[Site "Bergen"]
[Date "2014.06.28"]
[Round "8.45"]
[White "Wilfert, Eva-Maria"]
[Black "Malik, Rosemarie"]
[Result "1/2-1/2"]
[WhiteElo "1414"]
[BlackElo "1327"]
[PlyCount "71"]
[EventDate "2014.??.??"]
[WhiteTeam "PTSV SK Hof 1892"]
[BlackTeam "SK Großweil"]

1. d4 Nf6 2. c4 e6 3. a3 Be7 4. Nc3 c5 5. d5 exd5 6. cxd5 d6 7. e4 O-O 8. Nf3
Bg4 9. Be2 h6 10. O-O Nbd7 11. h3 Bh5 12. Nh4 Bxe2 13. Qxe2 Nh7 14. Nf5 Ndf6
15. Bf4 Re8 16. Rfe1 Nf8 17. Qf3 Ng6 18. Bh2 b6 19. Nb5 Ne5 20. Qg3 Nh5 21. Qc3
a6 22. g4 Nf6 23. Nbxd6 Bxd6 24. Nxd6 Qxd6 25. f4 Ned7 26. Rad1 Qe7 27. e5 g6
28. e6 fxe6 29. Rxe6 Qg7 30. Qc2 Rxe6 31. dxe6 Nf8 32. Rd6 Re8 33. f5 gxf5 34.
Qxf5 Qg6 35. Qxg6+ Nxg6 36. Rxb6 1/2-1/2

[Event "26.Off.Bayer.Senioren-EM 2014"]
[Site "Bergen"]
[Date "2014.06.28"]
[Round "8.46"]
[White "Borkenhagen, Bernd"]
[Black "Walther, Renate"]
[Result "1-0"]
[WhiteElo "1391"]
[BlackElo "818"]
[PlyCount "60"]
[EventDate "2014.??.??"]
[WhiteTeam "SK Rinteln"]
[BlackTeam "SK 1911 Herzogenaurach e.V."]

1. Nf3 Nf6 2. e3 d5 3. d4 Nc6 4. c3 Bg4 5. h3 Bf5 6. Bd3 Bxd3 7. Qxd3 e6 8.
Nbd2 Bd6 9. O-O Qd7 10. Re1 O-O-O 11. e4 Rhe8 12. e5 Be7 13. exf6 Bxf6 14. Ne5
Bxe5 15. dxe5 f6 16. Nf3 h6 17. Qb5 a6 18. Qa4 f5 19. Nd4 Nxd4 20. Qxd7+ Kxd7
21. cxd4 h5 22. f4 g6 23. h4 b6 24. Bd2 Rc8 25. Rac1 a5 26. Rc2 c5 27. dxc5 a4
28. Rec1 b5 29. Kf2 Ke7 30. Bb4 Red8 1-0

[Event "26.Off.Bayer.Senioren-EM 2014"]
[Site "Bergen"]
[Date "2014.06.28"]
[Round "8.47"]
[White "Ewald, Frithjof"]
[Black "Neiss, Albrecht"]
[Result "0-1"]
[WhiteElo "1355"]
[BlackElo "1342"]
[PlyCount "48"]
[EventDate "2014.??.??"]
[WhiteTeam "SF Bad Reichenhall"]
[BlackTeam "SC Kirchseeon e.V."]

1. e4 c5 2. Nf3 Nc6 3. d4 cxd4 4. Nxd4 Nf6 5. Nc3 e5 6. Nf3 Bb4 7. Bd2 O-O 8.
Bd3 d5 9. exd5 Nxd5 10. Ne4 Re8 11. a3 Bxd2+ 12. Qxd2 f5 13. Bc4 Nce7 14. Nc3
e4 15. Ng5 e3 16. fxe3 h6 17. Nh3 Be6 18. O-O-O Qa5 19. Nf4 Nxf4 20. Bxe6+ Nxe6
21. h4 Rad8 22. Qe2 Rxd1+ 23. Nxd1 a6 24. Rf1 b5 0-1

[Event "26.Off.Bayer.Senioren-EM 2014"]
[Site "Bergen"]
[Date "2014.06.28"]
[Round "9.1"]
[White "Daeubler, Heinrich"]
[Black "Goy, Udo"]
[Result "1-0"]
[WhiteElo "2044"]
[BlackElo "2032"]
[PlyCount "71"]
[EventDate "2014.??.??"]
[WhiteTeam "Schachclub Haselmühl"]
[BlackTeam "Ford Schachfreunde Köln e.V."]

1. d4 Nf6 2. c4 e6 3. Nf3 b6 4. g3 Bb7 5. Bg2 Bb4+ 6. Bd2 Bxd2+ 7. Qxd2 d6 8.
Nc3 Nbd7 9. Qc2 O-O 10. O-O e5 11. dxe5 dxe5 12. Rfd1 Re8 13. Nxe5 Bxg2 14.
Nxd7 Bh3 15. Nxb6 Qb8 16. Nxa8 Qxa8 17. Nd5 Qc6 18. Nxf6+ gxf6 19. Rd5 Be6 20.
Rad1 Bxd5 21. Rxd5 Re5 22. e4 Qe6 23. f3 c6 24. Rd8+ Kg7 25. g4 h5 26. h3 h4
27. b3 Ra5 28. Qh2 Re5 29. Qf2 Qe7 30. Ra8 Qd6 31. Qxh4 Qd4+ 32. Qf2 Qa1+ 33.
Kg2 Re6 34. Rd8 a5 35. h4 a4 36. Qc5 1-0

[Event "26.Off.Bayer.Senioren-EM 2014"]
[Site "Bergen"]
[Date "2014.06.28"]
[Round "9.2"]
[White "Selig, Rainer"]
[Black "Roeder, Frank"]
[Result "1/2-1/2"]
[WhiteElo "1966"]
[BlackElo "2184"]
[PlyCount "118"]
[EventDate "2014.??.??"]
[WhiteTeam "Spielver. Ebersbach/SA."]
[BlackTeam "SV Altensittenbach"]

1. d4 d5 2. c4 c6 3. cxd5 cxd5 4. Nc3 Nf6 5. Bf4 Nc6 6. e3 Bf5 7. Bd3 Bxd3 8.
Qxd3 e6 9. Nf3 Be7 10. h3 a6 11. O-O O-O 12. Rfc1 Rc8 13. Ne5 Nxe5 14. Bxe5 Nd7
15. Bg3 b5 16. Ne2 Qb6 17. Rxc8 Rxc8 18. Rc1 Rxc1+ 19. Nxc1 Qc6 20. Qd2 f6 21.
Nd3 Qc4 22. b3 Qc8 23. Qc1 Qxc1+ 24. Nxc1 e5 25. Kf1 Kf7 26. Ke2 Ke6 27. f3 Nb8
28. Kd3 Nc6 29. Be1 Ba3 30. Ne2 Bb4 31. Bc3 Bd6 32. Nc1 Ne7 33. g4 g6 34. Ne2
h5 35. Be1 hxg4 36. hxg4 Nc6 37. Bc3 Bb4 38. Bd2 Bxd2 39. Kxd2 Nb4 40. Nc1 exd4
41. exd4 f5 42. Ke3 Kf6 43. gxf5 Kxf5 44. a4 g5 45. axb5 axb5 46. Ne2 Na2 47.
Kd2 g4 48. fxg4+ Kxg4 49. Nc3 Nxc3 50. Kxc3 Kf4 51. Kb4 Ke4 52. Kxb5 Kxd4 53.
Kc6 Ke4 54. b4 d4 55. b5 d3 56. b6 d2 57. b7 d1=Q 58. b8=Q Qc2+ 59. Kb7 Qb3+
1/2-1/2

[Event "26.Off.Bayer.Senioren-EM 2014"]
[Site "Bergen"]
[Date "2014.06.28"]
[Round "9.3"]
[White "Koller, Hubert"]
[Black "Schmidt, Gerhard"]
[Result "1/2-1/2"]
[WhiteElo "2089"]
[BlackElo "2152"]
[PlyCount "54"]
[EventDate "2014.??.??"]
[WhiteTeam "Mostarriche/Ypps"]
[BlackTeam "Schachclub Unterhaching e.V."]

1. d4 Nf6 2. c4 e6 3. Nc3 d5 4. cxd5 exd5 5. Bg5 Be7 6. e3 c6 7. Qc2 Nbd7 8.
Bd3 Nh5 9. Bxe7 Qxe7 10. Nge2 g6 11. O-O f5 12. Rae1 O-O 13. Ng3 Nxg3 14. hxg3
Nf6 15. f3 Qd6 16. Qf2 Bd7 17. a3 b6 18. f4 Rfe8 19. Be2 a5 20. Bf3 Bc8 21. Rd1
b5 22. Rfe1 b4 23. Nb1 bxa3 24. Nxa3 Rb8 25. Rc1 Bd7 26. Rc5 a4 27. Nb1 Rb3
1/2-1/2

[Event "26.Off.Bayer.Senioren-EM 2014"]
[Site "Bergen"]
[Date "2014.06.28"]
[Round "9.4"]
[White "Urytskyy, Arkadiy"]
[Black "Glueck, Josef"]
[Result "1-0"]
[WhiteElo "2084"]
[BlackElo "1899"]
[PlyCount "97"]
[EventDate "2014.??.??"]
[WhiteTeam "TSV Bindlach Aktionär-Schachabte"]
[BlackTeam "SG Traunstein/Traunreut e.V."]

1. Nf3 Nf6 2. g3 g6 3. Bg2 Bg7 4. O-O O-O 5. c4 c6 6. d4 d5 7. b3 Ne4 8. Bb2
Be6 9. Nfd2 f5 10. f3 Nf6 11. Na3 a5 12. Nc2 a4 13. e4 Na6 14. Qe2 Nc7 15. cxd5
cxd5 16. e5 Nd7 17. f4 Nb8 18. Rfe1 Nc6 19. b4 Qb8 20. a3 Qa7 21. b5 Na5 22.
Rac1 Qb6 23. Ba1 Bd7 24. Ne3 e6 25. Bf1 Rfc8 26. Qd1 Bf8 27. Qxa4 Be7 28. Nf3
Nc4 29. Nxc4 dxc4 30. Qxc4 Nd5 31. Qe2 Rxc1 32. Rxc1 Rxa3 33. Rb1 Qa5 34. Bb2
Re3 35. Qd1 Qa2 36. Nd2 Bb4 37. Bc4 Qa5 38. Ra1 Bxd2 39. Rxa5 Bxa5 40. Bxd5
exd5 41. Kf2 Re1 42. Qb3 Be6 43. Bc3 Bxc3 44. Qxc3 Rb1 45. Qc5 Rb2+ 46. Kg1
Rb1+ 47. Kg2 Rb2+ 48. Kh3 h6 49. Qe7 1-0

[Event "26.Off.Bayer.Senioren-EM 2014"]
[Site "Bergen"]
[Date "2014.06.28"]
[Round "9.5"]
[White "Fischer, Gerd"]
[Black "Baumgartner, Andreas"]
[Result "1-0"]
[WhiteElo "2008"]
[BlackElo "1618"]
[PlyCount "91"]
[EventDate "2014.??.??"]
[WhiteTeam "FC Gunzenhausen 1910 e.V"]
[BlackTeam "ASV J'Adoube Grassau SAB"]

1. e4 c6 2. d4 d5 3. Nc3 dxe4 4. Nxe4 Bf5 5. Ng3 Bg6 6. Nf3 Nd7 7. Bc4 e6 8.
O-O Ngf6 9. Qe2 Be7 10. Bb3 h6 11. Bd2 O-O 12. c4 Re8 13. Bc3 Bd6 14. Rad1 Qc7
15. Ne5 Bh7 16. Kh1 c5 17. Ba4 Re7 18. Nxd7 Nxd7 19. Bxd7 Rxd7 20. Nh5 Bf8 21.
dxc5 Rxd1 22. Rxd1 Qxc5 23. b4 Qf5 24. h3 Qg5 25. f4 Qe7 26. Qb2 Bg6 27. Ng3
Rd8 28. Rxd8 Qxd8 29. Qd2 Qc7 30. c5 b6 31. Be5 Qc6 32. Bd6 bxc5 33. bxc5 h5
34. Qb4 h4 35. Qb8 hxg3 36. Qxf8+ Kh7 37. Qe7 Qa4 38. Qh4+ Kg8 39. Qxg3 Be4 40.
Be5 Bg6 41. Kh2 Qc4 42. h4 f6 43. Bxf6 gxf6 44. Qxg6+ Kf8 45. Qxf6+ Ke8 46. Qe5
1-0

[Event "26.Off.Bayer.Senioren-EM 2014"]
[Site "Bergen"]
[Date "2014.06.28"]
[Round "9.6"]
[White "Gerl, Hans"]
[Black "Aigner, Georg"]
[Result "0-1"]
[WhiteElo "1917"]
[BlackElo "1786"]
[PlyCount "74"]
[EventDate "2014.??.??"]
[WhiteTeam "SK Zirndorf e.V."]
[BlackTeam "TSV Dietfurt/Altm. e.V."]

1. d4 Nf6 2. c4 e6 3. Nf3 d5 4. Bg5 Be7 5. Nc3 Nbd7 6. e3 O-O 7. cxd5 exd5 8.
Bd3 c5 9. O-O Re8 10. Qc2 c4 11. Bf5 Nf8 12. Bxc8 Rxc8 13. Bxf6 gxf6 14. Qf5
Qd7 15. Qxd7 Nxd7 16. Nxd5 Rc6 17. Nh4 Nb6 18. Nc3 Rd8 19. Nf5 Kf8 20. e4 Bb4
21. Rac1 Bxc3 22. Rxc3 Na4 23. Rc2 c3 24. bxc3 Rxc3 25. Rd2 Rdc8 26. f3 Rc2 27.
Rfd1 Nb2 28. Rxc2 Rxc2 29. Ra1 b5 30. a3 a6 31. h4 Nc4 32. h5 Rc3 33. a4 b4 34.
d5 b3 35. d6 b2 36. Rf1 Nxd6 37. Nxd6 Rc1 0-1

[Event "26.Off.Bayer.Senioren-EM 2014"]
[Site "Bergen"]
[Date "2014.06.28"]
[Round "9.7"]
[White "Walther, Reinhard"]
[Black "Neubauer, Jaroslaus"]
[Result "0-1"]
[WhiteElo "1885"]
[BlackElo "1889"]
[PlyCount "62"]
[EventDate "2014.??.??"]
[WhiteTeam "SK 1911 Herzogenaurach e.V."]
[BlackTeam "Schachklub Schweinfurt 2000 e.V."]

1. d4 Nf6 2. c4 e6 3. Nc3 Bb4 4. f3 d5 5. a3 Bxc3+ 6. bxc3 Nbd7 7. Bg5 h6 8.
Bh4 c5 9. e3 Qa5 10. Qd2 b6 11. Bd3 dxc4 12. Bxc4 O-O 13. Ne2 Bb7 14. O-O Rac8
15. Bd3 cxd4 16. exd4 Rfe8 17. Rfb1 Ba6 18. Ra2 e5 19. Be1 Bxd3 20. Qxd3 Qd5
21. Qd2 e4 22. Nf4 Qf5 23. g4 Qh7 24. Rd1 exf3 25. h3 g5 26. Qf2 gxf4 27. Qxf3
Qe4 28. Kf2 Qe3+ 29. Kg2 Qxf3+ 30. Kxf3 Nd5 31. Rg2 Re3+ 0-1

[Event "26.Off.Bayer.Senioren-EM 2014"]
[Site "Bergen"]
[Date "2014.06.28"]
[Round "9.8"]
[White "Walch, Roger"]
[Black "Miskevicer, Boris"]
[Result "0-1"]
[WhiteElo "1681"]
[BlackElo "2079"]
[PlyCount "102"]
[EventDate "2014.??.??"]
[WhiteTeam "SW Nürnberg Süd e.V."]
[BlackTeam "SG Schwabing München Nord e.V."]

1. e4 c5 2. Nf3 d6 3. d4 cxd4 4. Nxd4 Nf6 5. Bd3 Nc6 6. Nxc6 bxc6 7. c4 g6 8.
Nc3 Bg7 9. O-O O-O 10. Bg5 Nd7 11. Rc1 a5 12. Be3 c5 13. f4 Bb7 14. g4 e6 15.
g5 f5 16. Bb1 Nb6 17. b3 Bxc3 18. Rxc3 fxe4 19. Qg4 Qe7 20. h4 Rac8 21. Bd2 d5
22. Rh3 Rce8 23. h5 d4 24. hxg6 hxg6 25. Rh6 Kg7 26. Rf2 Rh8 27. Rfh2 Rxh6 28.
Rxh6 Rh8 29. Qh3 Qe8 30. Bxa5 Nd7 31. Rxh8 Qxh8 32. Qxe6 Qc8 33. Qe7+ Kg8 34.
Bd8 Nf8 35. f5 gxf5 36. Qf6 Qe6 37. Be7 Qxf6 38. gxf6 Nd7 39. Kf2 f4 40. a3 d3
41. Ke1 Bc6 42. b4 Ba4 43. Bd6 f3 44. Bf4 Nxf6 45. b5 Kf7 46. Kf2 Ng4+ 47. Kf1
Ke6 48. b6 Bc6 49. a4 Bb7 50. a5 Kd7 51. Ba2 e3 0-1

[Event "26.Off.Bayer.Senioren-EM 2014"]
[Site "Bergen"]
[Date "2014.06.28"]
[Round "9.9"]
[White "Reimann, Guenther"]
[Black "Roeder, Gerd"]
[Result "0-1"]
[WhiteElo "1768"]
[BlackElo "2016"]
[PlyCount "54"]
[EventDate "2014.??.??"]
[WhiteTeam "SC Magstadt"]
[BlackTeam "SV Altensittenbach"]

1. c4 c6 2. d3 d5 3. Nd2 e5 4. Ngf3 Bd6 5. Qc2 f5 6. e4 Nf6 7. Be2 Be6 8. exd5
cxd5 9. cxd5 Nxd5 10. Nc4 Nc6 11. Ng5 Bb4+ 12. Kf1 Bg8 13. a3 Be7 14. Nf3 Bf6
15. Qa4 Qd7 16. Bd2 a6 17. Qd1 b5 18. Ne3 Be6 19. g3 O-O 20. Ng2 h6 21. h4 e4
22. Nfe1 Bxb2 23. Ra2 Be5 24. Rc2 Nd4 25. f4 Nxc2 26. Qxc2 Rac8 27. Qb1 Bc3 0-1

[Event "26.Off.Bayer.Senioren-EM 2014"]
[Site "Bergen"]
[Date "2014.06.28"]
[Round "9.10"]
[White "Kochseder, Georg"]
[Black "Mahrla, Hans"]
[Result "1/2-1/2"]
[WhiteElo "1892"]
[BlackElo "1626"]
[PlyCount "102"]
[EventDate "2014.??.??"]
[WhiteTeam "TV 1890 Hallstadt"]
[BlackTeam "SC Eichenau"]

1. d4 Nf6 2. c4 e6 3. Nf3 d5 4. e3 Be7 5. Nc3 a6 6. Bd3 dxc4 7. Bxc4 b5 8. Bb3
Bb7 9. O-O Nbd7 10. a3 Rc8 11. Bc2 c5 12. Re1 cxd4 13. Nxd4 O-O 14. Bd2 Bc5 15.
Nce2 Ne5 16. Bc3 Ng6 17. Bxg6 hxg6 18. Nb3 Be7 19. Qxd8 Rfxd8 20. Red1 Bd5 21.
Nd2 Rd7 22. h3 Rdc7 23. Kf1 Bc5 24. Rac1 Be7 25. Ba5 Rxc1 26. Rxc1 Rxc1+ 27.
Nxc1 Ne4 28. Nxe4 Bxe4 29. Bc3 Bf6 30. Bxf6 gxf6 31. Nb3 Bb7 32. g3 Kf8 33. Ke2
Ke7 34. h4 f5 35. f3 Kd6 36. Nd2 e5 37. Kd3 Bc8 38. Kc3 Kc5 39. f4 f6 40. Kd3
Kd5 41. Kc3 exf4 42. gxf4 Kc5 43. e4 Be6 44. b4+ Kd6 45. Kd4 Bc8 46. exf5 Bxf5
47. Nb3 Bc8 48. Nc5 f5 49. Nd3 Bd7 50. Ne5 Be8 51. Nd3 Bd7 1/2-1/2

[Event "26.Off.Bayer.Senioren-EM 2014"]
[Site "Bergen"]
[Date "2014.06.28"]
[Round "9.11"]
[White "Husser, Oskar"]
[Black "Rueckleben, Hermann"]
[Result "0-1"]
[WhiteElo "1620"]
[BlackElo "1876"]
[PlyCount "49"]
[EventDate "2014.??.??"]
[WhiteTeam "SC Caissa Falkensee e.V."]
[BlackTeam "SF Baden-Lichtental"]

1. Nf3 g6 2. g3 Bg7 3. Bg2 e5 4. d3 d6 5. e4 Ne7 6. c3 O-O 7. O-O h6 8. Be3 f5
9. exf5 Nxf5 10. Bd2 c6 11. Na3 d5 12. Re1 Re8 13. h3 Nd7 14. Qc2 Nc5 15. b4
Nd7 16. Re2 b6 17. g4 Nd6 18. Nh2 Ba6 19. c4 e4 20. Rae1 Rc8 21. dxe4 Nxc4 22.
Nxc4 Bxc4 23. Re3 Bd4 24. Ra3 Qh4 25. Qd3 0-1

[Event "26.Off.Bayer.Senioren-EM 2014"]
[Site "Bergen"]
[Date "2014.06.28"]
[Round "9.12"]
[White "Duerr, Rainer"]
[Black "Klueber, Werner"]
[Result "1/2-1/2"]
[WhiteElo "1861"]
[BlackElo "1769"]
[PlyCount "69"]
[EventDate "2014.??.??"]
[WhiteTeam "SC Prien"]
[BlackTeam "SC Prichsenstadt"]

1. d4 d5 2. Nf3 Nf6 3. e3 e6 4. Bd3 c5 5. c3 Nc6 6. Nbd2 cxd4 7. exd4 Bd6 8.
O-O O-O 9. Re1 Qc7 10. Qe2 b6 11. Ne5 Bb7 12. Ndf3 h6 13. Bf4 Rfe8 14. Nd2 Rad8
15. Rad1 Nb8 16. g4 g5 17. Bg3 Qe7 18. f4 Bxe5 19. fxe5 Nh7 20. Rf1 Rf8 21. Rf2
f6 22. exf6 Rxf6 23. Rdf1 Rxf2 24. Rxf2 Nd7 25. Nf3 Rf8 26. Ne5 Rxf2 27. Qxf2
Nxe5 28. Bxe5 Nf8 29. Qe2 Nd7 30. Bg3 Nf6 31. Be5 Nd7 32. Kg2 Qf7 33. Kg3 Nf6
34. Bxf6 Qxf6 35. Qe3 1/2-1/2

[Event "26.Off.Bayer.Senioren-EM 2014"]
[Site "Bergen"]
[Date "2014.06.28"]
[Round "9.13"]
[White "Stolpynskyy, Mark"]
[Black "Appel, Juergen"]
[Result "1-0"]
[WhiteElo "1943"]
[BlackElo "1650"]
[PlyCount "99"]
[EventDate "2014.??.??"]
[WhiteTeam "SW Nürnberg Süd e.V."]
[BlackTeam "Zwickauer Schachclub"]

1. d4 g6 2. Nf3 d6 3. h3 e6 4. Bf4 Bg7 5. e3 Nd7 6. Be2 Ne7 7. O-O b6 8. Bh2
Bb7 9. Nbd2 O-O 10. c3 h6 11. Qc2 Qc8 12. a4 Kh8 13. a5 Qd8 14. Rfd1 Qe8 15.
Qa4 Nf6 16. Qxe8 Rfxe8 17. c4 Nd7 18. Ra2 Nc6 19. Nb3 e5 20. d5 Ne7 21. Nbd2 f5
22. Nb3 Nc5 23. Nc1 Reb8 24. Nd2 Bc8 25. b4 Nd7 26. a6 Ng8 27. e4 fxe4 28. Nxe4
Ngf6 29. f3 Nxe4 30. fxe4 Nf6 31. Bd3 Bd7 32. c5 Be8 33. Kh1 g5 34. Ne2 Bg6 35.
Nc3 bxc5 36. bxc5 Rb4 37. Nb5 Ne8 38. Bg1 Bxe4 39. Bxe4 Rxe4 40. cxd6 cxd6 41.
Nxa7 Rb4 42. Nc6 Rb5 43. a7 Nc7 44. Ne7 Re8 45. Rc1 Na8 46. Nc8 Bf8 47. Nb6
Rxb6 48. Bxb6 Nxb6 49. Rb1 Nxd5 50. Rb8 1-0

[Event "26.Off.Bayer.Senioren-EM 2014"]
[Site "Bergen"]
[Date "2014.06.28"]
[Round "9.14"]
[White "Hein, Manfred"]
[Black "Leuschner, Guenter"]
[Result "0-1"]
[WhiteElo "1943"]
[BlackElo "1755"]
[PlyCount "54"]
[EventDate "2014.??.??"]
[WhiteTeam "FC Gunzenhausen 1910 e.V"]
[BlackTeam "SK Nürnberg 1911 e.V."]

1. e4 e5 2. Nf3 Nc6 3. Bb5 f5 4. d3 fxe4 5. dxe4 Bc5 6. Bxc6 bxc6 7. Nxe5 Nf6
8. Nd3 Bb6 9. e5 Ne4 10. Qg4 Nxf2 11. Ke2 Nxg4 12. h3 Qh4 13. Nc3 Ba6 14. Bf4
Qf2+ 15. Kd1 Bxd3 16. cxd3 Qxb2 17. Rb1 Nf2+ 18. Ke1 Nxd3+ 19. Kd1 Qxg2 20. Rh2
Qf1+ 21. Kc2 Qxf4 22. Rg2 Nb4+ 23. Kb3 O-O-O 24. Rg4 Qxe5 25. Rxb4 Qe6+ 26. Kb2
Ba5 27. Rb3 d5 0-1

[Event "26.Off.Bayer.Senioren-EM 2014"]
[Site "Bergen"]
[Date "2014.06.28"]
[Round "9.15"]
[White "Worschech, Roland"]
[Black "Simin, Vladimir"]
[Result "0-1"]
[WhiteElo "1730"]
[BlackElo "1883"]
[PlyCount "90"]
[EventDate "2014.??.??"]
[WhiteTeam "SK 1907 Kulmbach"]
[BlackTeam "FC Ergolding 1932 e.V."]

1. d4 Nf6 2. c4 e6 3. Nf3 b6 4. Nc3 Bb4 5. Bd2 Bb7 6. e3 O-O 7. Be2 d6 8. O-O
Nbd7 9. a3 Bxc3 10. Bxc3 Ne4 11. Rc1 f5 12. Nd2 Nxc3 13. Rxc3 e5 14. b4 a5 15.
Qc2 axb4 16. axb4 c5 17. bxc5 dxc5 18. d5 e4 19. Rb1 Ra7 20. Rcb3 Qf6 21. Qb2
Qxb2 22. R3xb2 Rfa8 23. f3 exf3 24. Nxf3 g6 25. Kf2 h6 26. h3 Ra2 27. Nd2 R8a3
28. e4 Kg7 29. exf5 gxf5 30. Nf3 Ba6 31. Kg3 Kf6 32. Kf4 Rxb2 33. Rxb2 Ra4 34.
Nd2 b5 35. Ke3 bxc4 36. Nf3 c3 37. Rc2 Re4+ 38. Kf2 Rxe2+ 39. Rxe2 Bxe2 40.
Kxe2 Ne5 41. Ne1 c4 42. g3 h5 43. Nc2 Nd3 44. Ne3 f4 45. g4 fxe3 0-1

[Event "26.Off.Bayer.Senioren-EM 2014"]
[Site "Bergen"]
[Date "2014.06.28"]
[Round "9.16"]
[White "Niedermaier, Peter"]
[Black "Krafzik, Joachim"]
[Result "1-0"]
[WhiteElo "1684"]
[BlackElo "1819"]
[PlyCount "39"]
[EventDate "2014.??.??"]
[WhiteTeam "SU Ebersberg-Grafing"]
[BlackTeam "SC Haar 1931"]

1. e4 b6 2. d4 e6 3. Nf3 Bb7 4. Bd3 Nf6 5. Qe2 d5 6. e5 Ne4 7. O-O Be7 8. Nbd2
Nxd2 9. Bxd2 c5 10. c3 Nc6 11. Rfe1 O-O 12. dxc5 bxc5 13. b3 Kh8 14. Bc2 a5 15.
Qd3 g6 16. Qe3 Bc8 17. Qh6 f5 18. exf6 Bxf6 19. Bxg6 Qc7 20. Qxf8# 1-0

[Event "26.Off.Bayer.Senioren-EM 2014"]
[Site "Bergen"]
[Date "2014.06.28"]
[Round "9.19"]
[White "Koenigl, Anton"]
[Black "Klein, Klaus"]
[Result "0-1"]
[WhiteElo "1696"]
[BlackElo "1809"]
[PlyCount "110"]
[EventDate "2014.??.??"]
[WhiteTeam "FC Ergolding 1932 e.V."]
[BlackTeam "SF Heidelberg"]

1. e4 c6 2. Nc3 d5 3. Nf3 Bg4 4. h3 Bh5 5. d3 dxe4 6. Nxe4 Nd7 7. g4 Bg6 8. Ng3
h6 9. Bg2 Qc7 10. Nh4 Bh7 11. Qf3 e6 12. Qe2 Be7 13. Nf3 Ngf6 14. Bd2 Nd5 15.
Ne4 Nf4 16. Bxf4 Qxf4 17. Ng3 Bf6 18. Nh5 Qb4+ 19. Nd2 Qxb2 20. Rb1 Qxc2 21.
Nxf6+ Nxf6 22. Rb3 Qc1+ 23. Qd1 Qxd1+ 24. Kxd1 O-O-O 25. Ke2 Nd5 26. Bf1 Kc7
27. Nc4 f6 28. Kd2 e5 29. Be2 Nf4 30. Rhb1 b6 31. f3 Bg8 32. Rc3 Bxc4 33. Rxc4
Nxh3 34. Rbc1 c5 35. Ra4 Kb7 36. Ra3 Nf4 37. Bf1 Rd4 38. Rb3 Rhd8 39. Ke3 Rb4
40. Rcb1 Rxb3 41. Rxb3 Rd4 42. a3 Kc6 43. Be2 Nxe2 44. Kxe2 b5 45. Rc3 a5 46.
Rb3 a4 47. Rc3 b4 48. Rc1 bxa3 49. Ra1 Kb5 50. Rxa3 Kb4 51. Ra1 a3 52. Rb1+ Ka4
53. Rb7 a2 54. Rxg7 Kb3 55. Ra7 Kb2 0-1

[Event "26.Off.Bayer.Senioren-EM 2014"]
[Site "Bergen"]
[Date "2014.06.28"]
[Round "9.20"]
[White "Willin, Bernhard"]
[Black "Oser, Thor"]
[Result "1/2-1/2"]
[WhiteElo "1807"]
[BlackElo "1622"]
[PlyCount "55"]
[EventDate "2014.??.??"]
[WhiteTeam "SC Horben"]
[BlackTeam "SK 1929 Jöhlingen"]

1. e4 c5 2. d4 cxd4 3. c3 dxc3 4. Nxc3 a6 5. a4 Nc6 6. Bc4 e6 7. Nf3 Qc7 8. Qe2
Nge7 9. Be3 Ng6 10. O-O Be7 11. Rfd1 O-O 12. Bb3 b6 13. Rac1 Qb7 14. Nd2 Na5
15. Ba2 Rb8 16. Nc4 Nxc4 17. Bxc4 Rd8 18. Rc2 d6 19. f3 Ne5 20. Bb3 Nc6 21. Qf2
b5 22. Rcd2 b4 23. Nb1 Na5 24. Rd3 Nxb3 25. Rxb3 a5 26. Rbd3 Bd7 27. b3 Bc6 28.
Nd2 1/2-1/2

[Event "26.Off.Bayer.Senioren-EM 2014"]
[Site "Bergen"]
[Date "2014.06.28"]
[Round "9.21"]
[White "Stadler, Lothar"]
[Black "Hansch, Klaus-Michael"]
[Result "0-1"]
[WhiteElo "1674"]
[BlackElo "1766"]
[PlyCount "96"]
[EventDate "2014.??.??"]
[WhiteTeam "SAbt SV Weiss-BL.Allianz"]
[BlackTeam "SC Weisse Dame e.V."]

1. c4 c5 2. Nf3 Nf6 3. Nc3 d5 4. cxd5 Nxd5 5. e3 Nxc3 6. bxc3 Nc6 7. Bc4 e6 8.
O-O Be7 9. Rb1 O-O 10. Qe2 b6 11. Bb3 Na5 12. Bc2 Bb7 13. d4 cxd4 14. cxd4 Bd5
15. Bd3 Rc8 16. Ba6 Bc4 17. Bxc4 Nxc4 18. Rd1 Qc7 19. e4 Rfd8 20. Bg5 Bxg5 21.
Nxg5 h6 22. Nf3 Qf4 23. g3 Qg4 24. Kg2 Nd6 25. Re1 Rc3 26. h3 Qh5 27. g4 Qg6
28. Ne5 Qg5 29. Nd3 Rdc8 30. Rb2 R8c4 31. e5 Nf5 32. f4 Nxd4 33. fxg5 Nxe2 34.
Rexe2 Rxd3 35. gxh6 gxh6 36. Rf2 Rcc3 37. Rb4 Rg3+ 38. Kf1 Rc1+ 39. Ke2 Rc2+
40. Kf1 Rxf2+ 41. Kxf2 Rxh3 42. a4 Ra3 43. Ke2 Kg7 44. Rf4 Rb3 45. Kd2 a5 46.
Re4 b5 47. axb5 Rxb5 48. Kc3 Rb4 0-1